000 00413nam a2200121Ia 4500
008 220620s9999||||xx |||||||||||||| ||und||
100 _aToshiaki Suzuki
245 0 _aClinical Physical Therapy
546 _aEnglish[eng]
650 _aMedicine||Physical Medicine and Rehabilitation||Clinical Electrophysiology||Health Sciences
856 _uhttps://www.intechopen.com/books/clinical-physical-therapy
942 _cEB
999 _c24319
_d24319